| 000 | 00850 a2200217 4500 | ||
|---|---|---|---|
| 003 | Nust | ||
| 005 | 20220722164839.0 | ||
| 010 | _a 98035332 | ||
| 020 | _a053868707X (hardbound) | ||
| 020 | _a0538687118 (softcover) | ||
| 040 | _cNust | ||
| 082 | 0 | 0 | _a005.133,LAM |
| 100 | 1 |
_aLambert, Kenneth Alfred, _994630 |
|
| 245 | 1 | 0 |
_aJava : _bcomplete course in programming & problem solving / _cKenneth A. Lambert, Martin Osborne. |
| 260 |
_aCincinnati, OH : _bSouth-Western Educational Pub., _cc2000. |
||
| 300 |
_ax, 468 p. : _bill. ; _c27 cm. |
||
| 505 | _aGetting Started with Java (Page-1), Methods Data Types and Classes (Page-97), Arrays , Inheritance and Graphics (Page-189), Files Web-Based Programming and AWT (Page-299). | ||
| 650 | 0 |
_aJava (Computer program language) _98017 |
|
| 700 | 1 |
_aOsborne, Martin, _d1944- _994631 |
|
| 942 |
_2ddc _cBK |
||
| 999 |
_c174943 _d174943 |
||